[Event "Classic Open"]
[Site "Estonia Resort Hotel & Spa conference center, Parnu, EE"]
[Date "2025.08.14"]
[Round "6"]
[White "Muzis, Renars"]
[Black "Wartiovaara, Oliver"]
[Result "0-1"]
[Board "9"]
[WhiteFideId "11626348"]
[BlackFideId "513024"]
[BlackTitle "FM"]
[WhiteElo "2121"]
[BlackElo "2310"]
[WhiteTeam "LAT"]
[BlackTeam "FIN"]
[WhiteClock "0:00:32"]
[BlackClock "0:38:35"]
[Variant "Standard"]

1. e4 {[%clk 1:30:51]}  c6 {[%clk 1:30:55]} 2. d4 {[%clk 1:29:16]}  d5 {[%clk 1:31:21]} 3. exd5 {[%clk 1:29:14]}  cxd5 {[%clk 1:31:45]} 4. Bd3 {[%clk 1:29:35]}  Nf6 {[%clk 1:32:11]} 5. c3 {[%clk 1:26:00]}  Bg4 {[%clk 1:32:25]} 6. Qb3 {[%clk 1:23:39]}  Qc7 {[%clk 1:32:37]} 7. f3 {[%clk 1:17:58]}  Bh5 {[%clk 1:24:44]} 8. Ne2 {[%clk 1:17:53]}  Nc6 {[%clk 1:24:50]} 9. Bf4 {[%clk 1:14:40]}  Qd7 {[%clk 1:25:10]} 10. O-O {[%clk 1:08:49]}  e6 {[%clk 1:25:20]} 11. Na3 {[%clk 1:02:20]}  Be7 {[%clk 1:20:11]} 12. Be5 {[%clk 1:00:52]}  Bg6 {[%clk 1:17:49]} 13. Nf4 {[%clk 1:00:14]}  O-O {[%clk 1:12:00]} 14. Bxf6 {[%clk 0:55:02]}  gxf6 {[%clk 1:10:47]} 15. Nb1 {[%clk 0:42:18]}  Bd6 {[%clk 1:11:05]} 16. Nxg6 {[%clk 0:41:54]}  hxg6 {[%clk 1:11:30]} 17. f4 {[%clk 0:40:41]}  Kg7 {[%clk 1:08:42]} 18. Nd2 {[%clk 0:40:19]}  Rh8 {[%clk 1:04:41]} 19. g3 {[%clk 0:40:15]}  e5 {[%clk 1:01:32]} 20. fxe5 {[%clk 0:28:41]}  Nxe5 {[%clk 0:56:36]} 21. dxe5 {[%clk 0:28:01]}  Bc5+ {[%clk 0:57:02]} 22. Kh1 {[%clk 0:27:37]}  fxe5 {[%clk 0:57:25]} 23. Nf3 {[%clk 0:20:58]}  e4 {[%clk 0:52:39]} 24. Ng5 {[%clk 0:20:56]}  Raf8 {[%clk 0:52:25]} 25. Bb5 {[%clk 0:16:19]}  Qd6 {[%clk 0:51:19]} 26. Kg2 {[%clk 0:15:06]}  Qe5 {[%clk 0:50:05]} 27. Rad1 {[%clk 0:10:19]}  Qxg5 {[%clk 0:48:37]} 28. Rxd5 {[%clk 0:10:19]}  Qg4 {[%clk 0:45:07]} 29. Rxc5 {[%clk 0:07:10]}  a6 {[%clk 0:42:11]} 30. Kg1 {[%clk 0:00:42]}  Qh3 {[%clk 0:40:47]} 31. Qc2 {[%clk 0:00:54]}  axb5 {[%clk 0:41:03]} 32. Rxb5 {[%clk 0:00:39]}  Qd7 {[%clk 0:38:49]} 33. Rb4 {[%clk 0:00:33]}  e3 {[%clk 0:37:48]} 34. Re4 {[%clk 0:00:33]}  Re8 {[%clk 0:37:47]} 35. Re1 {[%clk 0:00:32]}  Qd2 {[%clk 0:37:47]} 36. Qxd2 {[%clk 0:00:31]}  exd2 {[%clk 0:38:10]} 37. Rxe8 {[%clk 0:00:32]}  Rxe8 {[%clk 0:38:35]} 0-1

[Event "Classic Open"]
[Site "Estonia Resort Hotel & Spa conference center, Parnu, EE"]
[Date "2025.08.14"]
[Round "6"]
[White "Sharan, Rao"]
[Black "Lapshun, Yury"]
[Result "1-0"]
[Board "10"]
[WhiteFideId "5073464"]
[BlackFideId "2006960"]
[WhiteTitle "IM"]
[BlackTitle "IM"]
[WhiteElo "2365"]
[BlackElo "2264"]
[WhiteTeam "IND"]
[BlackTeam "USA"]
[WhiteClock "0:09:23"]
[BlackClock "0:01:32"]
[Variant "Standard"]

1. Nf3 {[%clk 1:24:35]}  Nf6 {[%clk 1:30:43]} 2. b3 {[%clk 1:24:57]}  g6 {[%clk 1:30:46]} 3. Bb2 {[%clk 1:25:23]}  Bg7 {[%clk 1:31:11]} 4. e3 {[%clk 1:25:51]}  c5 {[%clk 1:30:48]} 5. Be2 {[%clk 1:26:15]}  O-O {[%clk 1:31:13]} 6. O-O {[%clk 1:26:41]}  b6 {[%clk 1:29:35]} 7. d4 {[%clk 1:27:06]}  Bb7 {[%clk 1:29:56]} 8. c4 {[%clk 1:27:31]}  cxd4 {[%clk 1:29:57]} 9. Nxd4 {[%clk 1:27:56]}  Nc6 {[%clk 1:30:14]} 10. Nd2 {[%clk 1:27:59]}  d5 {[%clk 1:29:56]} 11. Rc1 {[%clk 1:26:13]}  Rc8 {[%clk 1:29:56]} 12. h3 {[%clk 1:21:31]}  e6 {[%clk 1:24:16]} 13. c5 {[%clk 1:18:08]}  bxc5 {[%clk 1:23:15]} 14. Rxc5 {[%clk 1:18:28]}  Nd7 {[%clk 1:22:16]} 15. Nxc6 {[%clk 1:17:41]}  Rxc6 {[%clk 1:20:12]} 16. Rxc6 {[%clk 1:16:58]}  Bxc6 {[%clk 1:20:31]} 17. Bxg7 {[%clk 1:17:21]}  Kxg7 {[%clk 1:20:38]} 18. b4 {[%clk 1:14:21]}  Qb6 {[%clk 1:19:45]} 19. Qa1+ {[%clk 1:08:49]}  e5 {[%clk 1:18:24]} 20. b5 {[%clk 1:07:58]}  Bb7 {[%clk 1:18:21]} 21. a4 {[%clk 1:07:00]}  Rc8 {[%clk 1:18:37]} 22. Nb3 {[%clk 1:03:56]}  Qd6 {[%clk 1:17:24]} 23. Bg4 {[%clk 0:49:36]}  f5 {[%clk 1:15:46]} 24. Bf3 {[%clk 0:50:00]}  Qb4 {[%clk 1:13:58]} 25. Rb1 {[%clk 0:47:50]}  Rc3 {[%clk 1:12:35]} 26. Qa2 {[%clk 0:42:22]}  Nb6 {[%clk 1:02:55]} 27. a5 {[%clk 0:41:27]}  Nc4 {[%clk 1:03:12]} 28. a6 {[%clk 0:34:10]}  Ba8 {[%clk 1:03:38]} 29. Nd4 {[%clk 0:25:40]}  Qa3 {[%clk 1:00:25]} 30. Qxa3 {[%clk 0:25:36]}  Nxa3 {[%clk 1:00:13]} 31. b6 {[%clk 0:26:00]}  axb6 {[%clk 0:48:28]} 32. Ne6+ {[%clk 0:26:25]}  Kf6 {[%clk 0:20:11]} 33. Rxb6 {[%clk 0:26:31]}  Nc4 {[%clk 0:19:36]} 34. Rb8 {[%clk 0:26:33]}  Kxe6 {[%clk 0:19:31]} 35. Rxa8 {[%clk 0:26:56]}  Nd6 {[%clk 0:18:17]} 36. g4 {[%clk 0:23:07]}  Ra3 {[%clk 0:17:32]} 37. gxf5+ {[%clk 0:22:50]}  gxf5 {[%clk 0:17:57]} 38. a7 {[%clk 0:21:01]}  Ra1+ {[%clk 0:16:16]} 39. Kg2 {[%clk 0:21:11]}  d4 {[%clk 0:12:38]} 40. Be2 {[%clk 0:20:07]}  Kd5 {[%clk 0:08:16]} 41. exd4 {[%clk 0:20:11]}  e4 {[%clk 0:04:44]} 42. Kg3 {[%clk 0:19:01]}  Ra2 {[%clk 0:04:43]} 43. h4 {[%clk 0:15:47]}  Kc6 {[%clk 0:02:23]} 44. Bd1 {[%clk 0:13:26]}  h6 {[%clk 0:01:17]} 45. h5 {[%clk 0:12:53]}  Kc7 {[%clk 0:00:37]} 46. Bb3 {[%clk 0:09:21]}  Ra3 {[%clk 0:00:34]} 47. Kf4 {[%clk 0:09:50]}  Nc8 {[%clk 0:00:51]} 48. Be6 {[%clk 0:08:15]}  Nxa7 {[%clk 0:00:55]} 49. Bxf5 {[%clk 0:08:13]}  Nb5 {[%clk 0:00:44]} 50. Rxa3 {[%clk 0:08:38]}  Nxa3 {[%clk 0:01:13]} 51. Bxe4 {[%clk 0:09:00]}  Kd6 {[%clk 0:01:32]} 52. Bd3 {[%clk 0:09:23]} 1-0

[Event "Classic Open"]
[Site "Estonia Resort Hotel & Spa conference center, Parnu, EE"]
[Date "2025.08.14"]
[Round "6"]
[White "Aalto, Patrik"]
[Black "Nissinen, Niilo Man"]
[Result "0-1"]
[Board "11"]
[WhiteFideId "510726"]
[BlackFideId "30950767"]
[WhiteTitle "FM"]
[BlackTitle "FM"]
[WhiteElo "2335"]
[BlackElo "2150"]
[WhiteTeam "FIN"]
[BlackTeam "HKG"]
[WhiteClock "0:02:47"]
[BlackClock "0:03:16"]
[Variant "Standard"]

1. d4 {[%clk 1:30:42]}  Nf6 {[%clk 1:29:29]} 2. c4 {[%clk 1:31:10]}  e6 {[%clk 1:29:46]} 3. Nf3 {[%clk 1:31:32]}  d5 {[%clk 1:30:05]} 4. Nc3 {[%clk 1:31:55]}  Nbd7 {[%clk 1:29:56]} 5. Bf4 {[%clk 1:30:22]}  dxc4 {[%clk 1:29:38]} 6. e4 {[%clk 1:27:37]}  Bb4 {[%clk 1:24:03]} 7. Qc2 {[%clk 1:22:40]}  b5 {[%clk 1:20:49]} 8. e5 {[%clk 1:21:10]}  Nd5 {[%clk 1:19:24]} 9. Bg5 {[%clk 1:19:16]}  Ne7 {[%clk 1:15:41]} 10. a4 {[%clk 1:17:25]}  h6 {[%clk 1:10:47]} 11. Bd2 {[%clk 1:02:02]}  bxa4 {[%clk 1:05:54]} 12. Bxc4 {[%clk 0:58:43]}  Nb6 {[%clk 0:56:59]} 13. Bb5+ {[%clk 0:54:22]}  Bd7 {[%clk 0:56:18]} 14. Be2 {[%clk 0:50:31]}  Bc6 {[%clk 0:53:30]} 15. O-O {[%clk 0:49:19]}  O-O {[%clk 0:53:05]} 16. Rfd1 {[%clk 0:47:09]}  Rb8 {[%clk 0:43:50]} 17. Rac1 {[%clk 0:42:32]}  Nbd5 {[%clk 0:31:41]} 18. Nxa4 {[%clk 0:29:13]}  Bxd2 {[%clk 0:31:24]} 19. Rxd2 {[%clk 0:26:55]}  Nf4 {[%clk 0:28:16]} 20. Bd1 {[%clk 0:25:55]}  Rb4 {[%clk 0:27:16]} 21. Nc5 {[%clk 0:23:22]}  Bxf3 {[%clk 0:26:10]} 22. Bxf3 {[%clk 0:23:39]}  Rxd4 {[%clk 0:25:47]} 23. Rcd1 {[%clk 0:19:46]}  Nf5 {[%clk 0:23:23]} 24. Qc3 {[%clk 0:15:35]}  Rxd2 {[%clk 0:22:31]} 25. Rxd2 {[%clk 0:16:02]}  Qg5 {[%clk 0:19:55]} 26. Ne4 {[%clk 0:14:45]}  Qe7 {[%clk 0:19:34]} 27. Nc5 {[%clk 0:09:26]}  Rd8 {[%clk 0:18:11]} 28. Rxd8+ {[%clk 0:08:57]}  Qxd8 {[%clk 0:18:36]} 29. g3 {[%clk 0:08:50]}  Ng6 {[%clk 0:14:52]} 30. Nb3 {[%clk 0:09:02]}  Qd7 {[%clk 0:11:29]} 31. Bh5 {[%clk 0:08:06]}  Nge7 {[%clk 0:11:29]} 32. Bf3 {[%clk 0:07:53]}  Qb5 {[%clk 0:09:18]} 33. Nc5 {[%clk 0:06:59]}  Nd5 {[%clk 0:07:54]} 34. Bxd5 {[%clk 0:05:17]}  exd5 {[%clk 0:08:17]} 35. e6 {[%clk 0:05:16]}  d4 {[%clk 0:06:06]} 36. exf7+ {[%clk 0:05:18]}  Kxf7 {[%clk 0:06:28]} 37. Qc2 {[%clk 0:05:40]}  Nd6 {[%clk 0:05:55]} 38. Nd3 {[%clk 0:05:33]}  Qb6 {[%clk 0:04:22]} 39. Nf4 {[%clk 0:04:24]}  Kg8 {[%clk 0:02:19]} 40. Nd5 {[%clk 0:02:16]}  Qa5 {[%clk 0:01:57]} 41. Qb3 {[%clk 0:01:28]}  Qe1+ {[%clk 0:01:38]} 42. Kg2 {[%clk 0:01:57]}  Qe4+ {[%clk 0:01:40]} 43. Kg1 {[%clk 0:02:15]}  Kh7 {[%clk 0:01:47]} 44. Nf4 {[%clk 0:02:01]}  c5 {[%clk 0:01:07]} 45. Qb8 {[%clk 0:01:42]}  Nc4 {[%clk 0:01:02]} 46. Qb5 {[%clk 0:00:35]}  Nd2 {[%clk 0:00:55]} 47. h4 {[%clk 0:00:34]}  c4 {[%clk 0:00:42]} 48. Qd5 {[%clk 0:00:34]}  Qxd5 {[%clk 0:00:32]} 49. Nxd5 {[%clk 0:01:02]}  a5 {[%clk 0:00:39]} 50. f4 {[%clk 0:01:08]}  a4 {[%clk 0:00:39]} 51. Kf2 {[%clk 0:01:12]}  Ne4+ {[%clk 0:00:36]} 52. Kf3 {[%clk 0:01:30]}  Nc5 {[%clk 0:00:34]} 53. Nb4 {[%clk 0:00:54]}  h5 {[%clk 0:00:35]} 54. Nc2 {[%clk 0:00:42]}  Nd3 {[%clk 0:00:34]} 55. Ke4 {[%clk 0:00:49]}  Kg6 {[%clk 0:00:36]} 56. Kxd4 {[%clk 0:00:57]}  Nxb2 {[%clk 0:00:32]} 57. Ke4 {[%clk 0:00:35]}  Kf6 {[%clk 0:00:45]} 58. Na3 {[%clk 0:00:38]}  Nd1 {[%clk 0:00:33]} 59. Nxc4 {[%clk 0:00:41]}  Nc3+ {[%clk 0:00:52]} 60. Kd3 {[%clk 0:00:47]}  Nb5 {[%clk 0:00:57]} 61. Ne3 {[%clk 0:00:35]}  Nd6 {[%clk 0:00:34]} 62. Nd5+ {[%clk 0:00:45]}  Ke6 {[%clk 0:00:43]} 63. Nc3 {[%clk 0:00:41]}  a3 {[%clk 0:00:54]} 64. Ke3 {[%clk 0:00:42]}  Kf5 {[%clk 0:01:01]} 65. Kf3 {[%clk 0:00:53]}  g6 {[%clk 0:00:42]} 66. Na2 {[%clk 0:01:12]}  Ne4 {[%clk 0:00:42]} 67. Nb4 {[%clk 0:01:15]}  Nc3 {[%clk 0:01:02]} 68. Nc2 {[%clk 0:01:25]}  Nb5 {[%clk 0:01:05]} 69. Ne3+ {[%clk 0:01:37]}  Ke6 {[%clk 0:01:05]} 70. g4 {[%clk 0:01:36]}  Nd4+ {[%clk 0:00:52]} 71. Ke4 {[%clk 0:01:31]}  a2 {[%clk 0:01:09]} 72. f5+ {[%clk 0:01:42]}  gxf5+ {[%clk 0:01:31]} 73. gxf5+ {[%clk 0:02:07]}  Kf7 {[%clk 0:01:54]} 74. Kxd4 {[%clk 0:02:10]}  a1=Q+ {[%clk 0:02:17]} 75. Ke4 {[%clk 0:02:11]}  Qa4+ {[%clk 0:02:37]} 76. Ke5 {[%clk 0:02:28]}  Qxh4 {[%clk 0:02:55]} 77. Nd5 {[%clk 0:02:47]}  Qg3+ {[%clk 0:03:16]} 0-1

[Event "Classic Open"]
[Site "Estonia Resort Hotel & Spa conference center, Parnu, EE"]
[Date "2025.08.15"]
[Round "7"]
[White "Bogner, Sebastian"]
[Black "Laurusas, Tomas"]
[Result "1/2-1/2"]
[Board "1"]
[WhiteFideId "4692055"]
[BlackFideId "12803731"]
[WhiteTitle "GM"]
[BlackTitle "GM"]
[WhiteElo "2552"]
[BlackElo "2500"]
[WhiteTeam "SUI"]
[BlackTeam "LTU"]
[WhiteClock "0:19:59"]
[BlackClock "0:27:15"]
[Variant "Standard"]

1. d4 {[%clk 1:30:59]}  d5 {[%clk 1:29:20]} 2. c4 {[%clk 1:31:19]}  c6 {[%clk 1:29:45]} 3. Nc3 {[%clk 1:31:38]}  Nf6 {[%clk 1:29:55]} 4. e3 {[%clk 1:32:02]}  g6 {[%clk 1:29:34]} 5. Nf3 {[%clk 1:32:16]}  Bg7 {[%clk 1:29:57]} 6. Be2 {[%clk 1:32:43]}  O-O {[%clk 1:30:05]} 7. O-O {[%clk 1:33:09]}  a6 {[%clk 1:24:32]} 8. h3 {[%clk 1:26:29]}  dxc4 {[%clk 1:20:35]} 9. Bxc4 {[%clk 1:18:24]}  b5 {[%clk 1:20:38]} 10. Be2 {[%clk 1:13:51]}  Nbd7 {[%clk 1:15:36]} 11. b4 {[%clk 1:03:20]}  Nd5 {[%clk 0:56:48]} 12. Nxd5 {[%clk 0:45:36]}  cxd5 {[%clk 0:57:12]} 13. a4 {[%clk 0:46:01]}  bxa4 {[%clk 0:51:48]} 14. Qxa4 {[%clk 0:45:45]}  Nb6 {[%clk 0:47:44]} 15. Qb3 {[%clk 0:45:17]}  Qc7 {[%clk 0:44:32]} 16. Ra5 {[%clk 0:44:12]}  Qb7 {[%clk 0:43:03]} 17. Nd2 {[%clk 0:39:07]}  Bd7 {[%clk 0:34:24]} 18. Bb2 {[%clk 0:36:43]}  Rfc8 {[%clk 0:32:58]} 19. Rc1 {[%clk 0:35:38]}  Rxc1+ {[%clk 0:32:47]} 20. Bxc1 {[%clk 0:36:06]}  e6 {[%clk 0:32:34]} 21. Bb2 {[%clk 0:33:40]}  Bf8 {[%clk 0:30:56]} 22. Bc3 {[%clk 0:32:47]}  Qc8 {[%clk 0:28:08]} 23. Bb2 {[%clk 0:25:45]}  Qb7 {[%clk 0:27:02]} 24. Bc3 {[%clk 0:19:33]}  Qc8 {[%clk 0:27:15]} 25. Bb2 {[%clk 0:19:59]} 1/2-1/2

[Event "Classic Open"]
[Site "Estonia Resort Hotel & Spa conference center, Parnu, EE"]
[Date "2025.08.15"]
[Round "7"]
[White "Poetsch, Hagen"]
[Black "Meshkovs, Nikita"]
[Result "0-1"]
[Board "2"]
[WhiteFideId "24615137"]
[BlackFideId "11602740"]
[WhiteTitle "GM"]
[BlackTitle "GM"]
[WhiteElo "2479"]
[BlackElo "2547"]
[WhiteTeam "GER"]
[BlackTeam "LAT"]
[WhiteClock "0:01:13"]
[BlackClock "0:04:02"]
[Variant "Standard"]

1. e4 {[%clk 1:29:54]}  c5 {[%clk 1:30:54]} 2. Nf3 {[%clk 1:30:17]}  Nc6 {[%clk 1:31:16]} 3. d4 {[%clk 1:30:20]}  cxd4 {[%clk 1:31:32]} 4. Nxd4 {[%clk 1:30:42]}  Nf6 {[%clk 1:31:56]} 5. Nc3 {[%clk 1:31:07]}  e5 {[%clk 1:32:17]} 6. Ndb5 {[%clk 1:31:32]}  d6 {[%clk 1:32:39]} 7. Nd5 {[%clk 1:31:47]}  Nxd5 {[%clk 1:33:01]} 8. exd5 {[%clk 1:32:14]}  Nb8 {[%clk 1:33:20]} 9. a4 {[%clk 1:32:35]}  Be7 {[%clk 1:29:01]} 10. b4 {[%clk 1:32:48]}  O-O {[%clk 1:11:50]} 11. a5 {[%clk 1:32:57]}  a6 {[%clk 1:09:14]} 12. Na3 {[%clk 1:33:02]}  Bf5 {[%clk 1:09:14]} 13. Be2 {[%clk 1:30:23]}  Nd7 {[%clk 1:07:23]} 14. Nc4 {[%clk 1:30:08]}  Rc8 {[%clk 0:55:35]} 15. O-O {[%clk 1:29:15]}  Rc7 {[%clk 0:44:19]} 16. f4 {[%clk 1:14:12]}  Be4 {[%clk 0:40:40]} 17. Na3 {[%clk 0:51:43]}  f5 {[%clk 0:36:44]} 18. c4 {[%clk 0:51:30]}  g5 {[%clk 0:30:08]} 19. fxe5 {[%clk 0:48:30]}  Nxe5 {[%clk 0:30:36]} 20. Be3 {[%clk 0:47:56]}  Qe8 {[%clk 0:29:09]} 21. Bb6 {[%clk 0:37:12]}  Rc8 {[%clk 0:27:49]} 22. c5 {[%clk 0:34:14]}  Qf7 {[%clk 0:25:33]} 23. Nc4 {[%clk 0:33:42]}  Nxc4 {[%clk 0:25:00]} 24. Bxc4 {[%clk 0:34:07]}  dxc5 {[%clk 0:25:18]} 25. d6 {[%clk 0:29:43]}  Qxc4 {[%clk 0:25:46]} 26. dxe7 {[%clk 0:29:27]}  Rfe8 {[%clk 0:25:46]} 27. Bxc5 {[%clk 0:29:44]}  Rxc5 {[%clk 0:00:00]} 28. bxc5 {[%clk 0:28:09]}  Qxc5+ {[%clk 0:26:29]} 29. Rf2 {[%clk 0:25:52]}  Rxe7 {[%clk 0:25:36]} 30. Qd2 {[%clk 0:23:31]}  h6 {[%clk 0:24:15]} 31. Rc1 {[%clk 0:23:48]}  Qe5 {[%clk 0:23:37]} 32. h4 {[%clk 0:21:54]}  Rg7 {[%clk 0:21:01]} 33. Qd8+ {[%clk 0:19:55]}  Kh7 {[%clk 0:21:01]} 34. hxg5 {[%clk 0:16:12]}  hxg5 {[%clk 0:21:30]} 35. Rc8 {[%clk 0:16:09]}  Kg6 {[%clk 0:18:07]} 36. Rd2 {[%clk 0:14:58]}  Bd5 {[%clk 0:16:08]} 37. Qe8+ {[%clk 0:14:16]}  Qxe8 {[%clk 0:16:27]} 38. Rxe8 {[%clk 0:14:41]}  Bc6 {[%clk 0:16:13]} 39. Re6+ {[%clk 0:12:15]}  Kh5 {[%clk 0:16:16]} 40. Kf2 {[%clk 0:11:40]}  Be4 {[%clk 0:14:12]} 41. Re5 {[%clk 0:07:45]}  Rc7 {[%clk 0:14:07]} 42. Kg3 {[%clk 0:05:55]}  Rc3+ {[%clk 0:14:34]} 43. Kh2 {[%clk 0:05:43]}  Kh4 {[%clk 0:12:36]} 44. Re7 {[%clk 0:01:43]}  Rc5 {[%clk 0:08:41]} 45. Rd4 {[%clk 0:01:55]}  Rxa5 {[%clk 0:08:08]} 46. Rxb7 {[%clk 0:01:38]}  Ra2 {[%clk 0:04:04]} 47. Rh7+ {[%clk 0:02:00]}  Kg4 {[%clk 0:04:26]} 48. Kh1 {[%clk 0:02:17]}  Kf4 {[%clk 0:04:35]} 49. Rhd7 {[%clk 0:00:35]}  Ke3 {[%clk 0:04:03]} 50. R7d6 {[%clk 0:00:34]}  Bxg2+ {[%clk 0:04:00]} 51. Kg1 {[%clk 0:01:00]}  Be4 {[%clk 0:04:01]} 52. Rb4 {[%clk 0:01:21]}  Ra1+ {[%clk 0:03:56]} 53. Kh2 {[%clk 0:01:13]}  Kf4 {[%clk 0:04:02]} 0-1

[Event "Classic Open"]
[Site "Estonia Resort Hotel & Spa conference center, Parnu, EE"]
[Date "2025.08.15"]
[Round "7"]
[White "Andrijashkin, Deniss"]
[Black "Kazakouski, Valery"]
[Result "0-1"]
[Board "3"]
[WhiteFideId "4504631"]
[BlackFideId "13507443"]
[BlackTitle "GM"]
[WhiteElo "2114"]
[BlackElo "2584"]
[WhiteTeam "EST"]
[BlackTeam "LTU"]
[WhiteClock "0:00:44"]
[BlackClock "0:00:43"]
[Variant "Standard"]

1. Nf3 {[%clk 1:28:23]}  c5 {[%clk 1:30:42]} 2. g3 {[%clk 1:25:14]}  Nc6 {[%clk 1:31:04]} 3. Bg2 {[%clk 1:25:32]}  g6 {[%clk 1:31:09]} 4. c3 {[%clk 1:22:53]}  Qa5 {[%clk 1:11:12]} 5. O-O {[%clk 1:19:57]}  Nf6 {[%clk 0:58:35]} 6. Re1 {[%clk 1:04:12]}  d5 {[%clk 0:54:48]} 7. d3 {[%clk 1:00:14]}  Bg4 {[%clk 0:48:47]} 8. Nbd2 {[%clk 0:54:38]}  Rd8 {[%clk 0:43:42]} 9. h3 {[%clk 0:49:24]}  Bxf3 {[%clk 0:39:26]} 10. Nxf3 {[%clk 0:49:22]}  Bg7 {[%clk 0:39:27]} 11. Qb3 {[%clk 0:48:58]}  Qa6 {[%clk 0:36:26]} 12. e4 {[%clk 0:40:21]}  c4 {[%clk 0:36:24]} 13. dxc4 {[%clk 0:40:09]}  dxc4 {[%clk 0:36:47]} 14. Qc2 {[%clk 0:39:53]}  Nd7 {[%clk 0:37:09]} 15. Be3 {[%clk 0:31:51]}  O-O {[%clk 0:36:55]} 16. b3 {[%clk 0:27:28]}  Qa5 {[%clk 0:31:05]} 17. Nd4 {[%clk 0:21:02]}  Nde5 {[%clk 0:28:18]} 18. Red1 {[%clk 0:20:21]}  Qc7 {[%clk 0:24:37]} 19. f4 {[%clk 0:17:22]}  cxb3 {[%clk 0:24:08]} 20. Nxb3 {[%clk 0:09:21]}  Nc4 {[%clk 0:21:06]} 21. Bf2 {[%clk 0:09:42]}  e5 {[%clk 0:21:06]} 22. Qe2 {[%clk 0:06:30]}  N6a5 {[%clk 0:20:10]} 23. f5 {[%clk 0:06:32]}  b6 {[%clk 0:20:18]} 24. g4 {[%clk 0:03:57]}  Bf6 {[%clk 0:20:18]} 25. Rd5 {[%clk 0:03:38]}  Rxd5 {[%clk 0:18:35]} 26. exd5 {[%clk 0:04:00]}  Nb7 {[%clk 0:18:28]} 27. Nd2 {[%clk 0:02:40]}  Nxd2 {[%clk 0:17:57]} 28. Qxd2 {[%clk 0:03:06]}  Qe7 {[%clk 0:18:18]} 29. Be3 {[%clk 0:03:07]}  gxf5 {[%clk 0:17:55]} 30. gxf5 {[%clk 0:02:49]}  Kh8 {[%clk 0:18:16]} 31. Kh1 {[%clk 0:01:17]}  Nd6 {[%clk 0:18:21]} 32. Rf1 {[%clk 0:01:11]}  Rg8 {[%clk 0:18:33]} 33. Qe2 {[%clk 0:00:51]}  Qf8 {[%clk 0:15:49]} 34. c4 {[%clk 0:01:02]}  Qc8 {[%clk 0:15:48]} 35. Bg1 {[%clk 0:00:34]}  Re8 {[%clk 0:11:09]} 36. c5 {[%clk 0:00:36]}  bxc5 {[%clk 0:11:25]} 37. Qh5 {[%clk 0:01:04]}  c4 {[%clk 0:05:16]} 38. Qh6 {[%clk 0:01:01]}  Qd8 {[%clk 0:05:21]} 39. Qc1 {[%clk 0:00:49]}  Qe7 {[%clk 0:05:28]} 40. Bc5 {[%clk 0:00:58]}  e4 {[%clk 0:02:02]} 41. Re1 {[%clk 0:00:38]}  Qe5 {[%clk 0:01:09]} 42. Bxd6 {[%clk 0:00:37]}  Qxd6 {[%clk 0:01:38]} 43. Qxc4 {[%clk 0:00:38]}  e3 {[%clk 0:00:58]} 44. Qg4 {[%clk 0:00:48]}  Bc3 {[%clk 0:01:02]} 45. Re2 {[%clk 0:00:54]}  Qf6 {[%clk 0:00:44]} 46. Qf4 {[%clk 0:00:46]}  Bd2 {[%clk 0:01:08]} 47. Bf3 {[%clk 0:00:35]}  Qa1+ {[%clk 0:01:14]} 48. Kg2 {[%clk 0:00:49]}  Rg8+ {[%clk 0:01:04]} 49. Bg4 {[%clk 0:01:00]}  Qf6 {[%clk 0:01:24]} 50. Kh2 {[%clk 0:00:50]}  a5 {[%clk 0:01:23]} 51. a3 {[%clk 0:00:51]}  Bc1 {[%clk 0:00:43]} 52. Qe4 {[%clk 0:00:34]}  Bxa3 {[%clk 0:00:42]} 53. Qxe3 {[%clk 0:00:43]}  Bd6+ {[%clk 0:01:04]} 54. Kh1 {[%clk 0:01:09]}  a4 {[%clk 0:00:38]} 55. Rg2 {[%clk 0:00:32]}  a3 {[%clk 0:00:52]} 56. Qd2 {[%clk 0:00:33]}  Rb8 {[%clk 0:01:08]} 57. Qc1 {[%clk 0:00:33]}  Qd4 {[%clk 0:00:52]} 58. Bf3 {[%clk 0:00:41]}  Qd3 {[%clk 0:00:37]} 59. Be2 {[%clk 0:00:44]}  Qb1 {[%clk 0:00:43]} 0-1

[Event "Classic Open"]
[Site "Estonia Resort Hotel & Spa conference center, Parnu, EE"]
[Date "2025.08.15"]
[Round "7"]
[White "Keinanen, Toivo"]
[Black "Kopylov, Daniel"]
[Result "0-1"]
[Board "4"]
[WhiteFideId "509825"]
[BlackFideId "12921971"]
[WhiteTitle "IM"]
[BlackTitle "IM"]
[WhiteElo "2517"]
[BlackElo "2421"]
[WhiteTeam "FIN"]
[BlackTeam "GER"]
[WhiteClock "0:02:45"]
[BlackClock "0:01:27"]
[Variant "Standard"]

1. g3 {[%clk 1:28:21]}  c5 {[%clk 1:28:22]} 2. Bg2 {[%clk 1:27:24]}  Nc6 {[%clk 1:27:08]} 3. c4 {[%clk 1:23:59]}  g6 {[%clk 1:27:05]} 4. Nc3 {[%clk 1:22:39]}  Bg7 {[%clk 1:27:23]} 5. Nf3 {[%clk 1:22:57]}  e6 {[%clk 1:27:03]} 6. d3 {[%clk 1:23:25]}  Nge7 {[%clk 1:12:18]} 7. h4 {[%clk 1:23:39]}  h6 {[%clk 1:11:02]} 8. h5 {[%clk 1:23:52]}  g5 {[%clk 1:08:41]} 9. Nxg5 {[%clk 1:24:12]}  hxg5 {[%clk 1:06:16]} 10. Bxg5 {[%clk 1:24:38]}  Qa5 {[%clk 0:57:11]} 11. Qd2 {[%clk 1:18:22]}  d6 {[%clk 0:54:08]} 12. h6 {[%clk 1:11:19]}  Be5 {[%clk 0:49:05]} 13. f4 {[%clk 1:04:33]}  Bd4 {[%clk 0:47:19]} 14. Nb5 {[%clk 0:57:06]}  Qxd2+ {[%clk 0:33:03]} 15. Kxd2 {[%clk 0:57:32]}  f6 {[%clk 0:33:06]} 16. Nxd4 {[%clk 0:19:46]}  fxg5 {[%clk 0:33:24]} 17. Nxc6 {[%clk 0:18:52]}  bxc6 {[%clk 0:24:40]} 18. fxg5 {[%clk 0:19:19]}  Bd7 {[%clk 0:22:55]} 19. Raf1 {[%clk 0:17:59]}  Nf5 {[%clk 0:19:10]} 20. g6 {[%clk 0:09:58]}  O-O {[%clk 0:10:32]} 21. g7 {[%clk 0:05:18]}  Rfb8 {[%clk 0:09:09]} 22. Rh3 {[%clk 0:00:36]}  Rxb2+ {[%clk 0:07:36]} 23. Kc3 {[%clk 0:00:36]}  Rxe2 {[%clk 0:03:16]} 24. Bf3 {[%clk 0:01:06]}  Rxa2 {[%clk 0:01:53]} 25. g4 {[%clk 0:00:36]}  Ne3 {[%clk 0:01:54]} 26. Bxc6 {[%clk 0:00:35]}  Rc2+ {[%clk 0:00:38]} 27. Kb3 {[%clk 0:01:04]}  Rb8+ {[%clk 0:00:51]} 28. Bb5 {[%clk 0:01:34]}  Nxf1 {[%clk 0:00:38]} 29. Kxc2 {[%clk 0:02:03]}  Bxb5 {[%clk 0:00:54]} 30. cxb5 {[%clk 0:02:33]}  d5 {[%clk 0:00:42]} 31. Rf3 {[%clk 0:01:22]}  Nh2 {[%clk 0:01:10]} 32. Rg3 {[%clk 0:00:40]}  d4 {[%clk 0:01:30]} 33. Kb3 {[%clk 0:00:39]}  Nf1 {[%clk 0:01:17]} 34. Rh3 {[%clk 0:00:36]}  Ne3 {[%clk 0:01:34]} 35. g5 {[%clk 0:00:56]}  Rxb5+ {[%clk 0:01:13]} 36. Ka4 {[%clk 0:01:23]}  Rb8 {[%clk 0:01:31]} 37. g6 {[%clk 0:01:42]}  Nf5 {[%clk 0:00:51]} 38. Ka5 {[%clk 0:01:47]}  Nxh6 {[%clk 0:00:35]} 39. Rxh6 {[%clk 0:02:16]}  Kxg7 {[%clk 0:00:59]} 40. Rh5 {[%clk 0:02:18]}  Kxg6 {[%clk 0:01:15]} 41. Rxc5 {[%clk 0:02:45]}  Rb3 {[%clk 0:01:27]} 0-1